The expert in the next office: tools for managing operations and security in the era of cyberspace / M.E. Kabay. (Record no. 22293)
| 000 -LEADER | |
|---|---|
| fixed length control field | 00571nam a22001697a 4500 |
| 020 ## - INTERNATIONAL STANDARD BOOK NUMBER | |
| ISBN | 9781032407364 |
| 082 ## - DEWEY DECIMAL CLASSIFICATION NUMBER | |
| Classification number | 005.8 |
| Item number | K112 2025 |
| 100 ## - MAIN ENTRY--AUTHOR NAME | |
| Personal name | Kabay, M.E., author. |
| 245 ## - TITLE STATEMENT | |
| Title | The expert in the next office: tools for managing operations and security in the era of cyberspace / M.E. Kabay. |
| 250 ## - EDITION STATEMENT | |
| Edition statement | 1st edition. |
| 260 ## - PUBLICATION, DISTRIBUTION, ETC. (IMPRINT) | |
| Place of publication | Boca Raton : |
| Name of publisher | CRC Press, |
| Year of publication | c2025. |
| 300 ## - PHYSICAL DESCRIPTION | |
| Number of Pages | 1 online resource, 438 pages : |
| Other physical details | illustrations. |
| 490 ## - SERIES STATEMENT | |
| Series statement | Security, Audit, and Leadership Series |
| 500 ## - GENERAL NOTE | |
| General note | Includes references |
| 650 ## - SUBJECT ADDED ENTRY--TOPICAL TERM | |
| Topical Term | Cybersecurity. |
| 942 ## - ADDED ENTRY ELEMENTS (KOHA) | |
| Koha item type | Electronic Books |
| Source of acquisition | Permanent Location | Date acquired | Collection code | Koha item type | Lost status | Shelving location | Withdrawn status | Current Location | Full call number |
|---|---|---|---|---|---|---|---|---|---|
| Donation | Cagayan State University - Carig Library | 2026-04-15 | E-Books | Electronic Books | E-Resource Section | Cagayan State University - Carig Library | 005.8 K112 2025 |